Expensive Places to Park Quiz Stats

 Plays Quiz Updated Jan 20, 2019

Score 0/50 Timer 08:00
6 Plays Today
City (Country) % Correct
New York (US)
98%
London (UK)
87.1%
Paris (France)
85%
Tokyo (Japan)
75.9%
Chicago (US)
72.3%
Rome (Italy)
71.5%
Madrid (Spain)
66.6%
Moscow (Russia)
65.3%
Boston (US)
63.2%
San Francisco (US)
62.3%
Sydney (Australia)
56.1%
Dublin (Ireland)
52.8%
Oslo (Norway)
52.7%
Amsterdam (The Netherlands)
52.3%
Stockholm (Sweden)
48.5%
Toronto (Canada)
47.2%
Philadelphia (US)
45.5%
Seattle (US)
45.4%
Hong Kong (China)
44.9%
Athens (Greece)
44.6%
Munich (Germany)
43.7%
Brussels (Belgium)
43.6%
Copenhagen (Denmark)
43.4%
Manchester (UK)
43%
Shanghai (China)
42.1%
City (Country) % Correct
Vienna (Austria)
42%
Milan (Italy)
41.9%
St. Petersburg (Russia)
38.7%
Vancouver (Canada)
38.6%
Melbourne (Australia)
38.2%
Montreal (Canada)
37.8%
Prague (Czechia)
34.1%
Zurich (Switzerland)
33%
Birmingham (UK)
30.3%
Glasgow (UK)
29.7%
Geneva (Switzerland)
28.3%
Canberra (Australia)
26.9%
Perth (Australia)
26.7%
Frankfurt (Germany)
26.3%
Hamburg (Germany)
25.5%
Wellington (New Zealand)
25%
Brisbane (Australia)
19.2%
Taipei (Taiwan)
17.1%
Tel Aviv (Israel)
16.7%
Leeds (UK)
16.4%
Adelaide (Australia)
15.4%
Calgary (Canada)
13.9%
The Hague (Netherlands)
13.7%
Antwerp (Belgium)
10.1%
Belgrade (Serbia)
7.7%

You're not logged in!

Compare scores with friends on all Sporcle quizzes.
OR
Log In

You Might Also Like...

Show Comments

Extras

Top Quizzes Today


Score Distribution

Your Account Isn't Verified!

In order to create a playlist on Sporcle, you need to verify the email address you used during registration. Go to your Sporcle Settings to finish the process.

Report this User

Report this user for behavior that violates our Community Guidelines.

Details: